Gumárenské suroviny a jejich zpracování

Salvato in:
Dettagli Bibliografici
Autori principali: Ducháček, Vratislav 1941-, Hrdlička, Zdeněk (Autore)
Natura: Libro
Lingua:ceco
Pubblicazione: Praha Vysoká škola chemicko-technologická v Praze 2009
Edizione:4. preprac. vyd.
Soggetti:
Accesso online:Visualizza in OPAC
Tags: Aggiungi Tag
Nessun Tag, puoi essere il primo ad aggiungerne!!

MARC

LEADER 00000nam a2200000 a 4500
005 20260127134222.0
008 151020 2009 000 0 cze d
020 |a 9788070807132 (brož.) 
035 |a vtls010967504 
039 9 |y 201510201135  |z mschk03 
040 |a STUSCHK1  |b slo  |c STUSCHK1  |e AACR2 
080 |a 678.03  |2 MRF 
080 |a 678.43/.44  |2 MRF 
080 |a (075.8)  |2 MRF 
100 1 |a Ducháček, Vratislav  |d 1941-  |9 735 
245 1 |a Gumárenské suroviny a jejich zpracování  |c Vratislav Ducháček, Zdeněk Hrdlička 
250 |a 4. preprac. vyd. 
260 |a Praha  |b Vysoká škola chemicko-technologická v Praze  |c 2009 
300 |a 199 s.  |b il.  |c 28 cm 
650 0 |a gumárenské suroviny  |2 czenas 
650 0 |a kaučuk  |2 czenas 
650 0 |a pryž  |2 czenas 
700 1 |a Hrdlička, Zdeněk  |4 aut 
910 |a SCHK95 
919 |a 978-80-7080-713-2 
999 |c 6985  |d 6985